000 00758nam a2200205 i 4500
001 24623
003 ES-MaACL
005 20250915232351.0
007 t|
008 021218s1950 sp ||||1| spa d
100 1 _aAntón Oneca, José,
_d1897-1981
_921950
245 1 3 _aLa utopía penal de Dorado Montero /
_cpor José Antón Oneca ; con un apéndice de Francisco Maldonado de Guevara.
260 _aSalamanca :
_bUniverdidad,
_c1950 (
_fGráfica Administrativa)
300 _a98 p. :
_bretr. biog. ;
_c24 cm.
490 1 _aActa Salmanticensia. Derecho ;
_v1
700 1 _aMaldonado de Guevara, Francisco,
_d1891-1985
_975725
830 0 0 _aActa Salmanticensia
_v1
_9181394
852 _aES-MaACL
_jD-7303
_bR.30848
999 _c24623
_d24623